000
00319cam a2200133ua 4500
020
_a
9788174091955
082
_a
519.062
_b
GRE/HI
100
_a
Grewal, B S.
_9
250
245
_a
Higher engineering mathematics /
250
_a
33 / 43
260
_a
New Delhi :
_b
Khanna Publishers ,
_c
2014
300
_a
1315.
942
_c
BK
999
_c
248
_d
248